Nba Jaki to zawodnik? - Statystyki

Ogólne statystyki
  • Ten quiz został rozwiązany 1 143 razy
  • Średni wynik to 6 z 8
Statystyki odpowiedzi
Zagadnienie Odpowiedź % Poprawnych
Jest najlepszym debiutantem roku? Victor Wembanyama
96%
MVP zeszłego sezonu? Nikola Jokic
87%
Pobił w punktach Kareema Abdula-Jabbara? Lebron James
81%
Jest zawodnikiem który w tym sezonie ma najwięcej bloków? Victor Wembanyama
74%
Kiedyś MVP a teraz zawodnik Memphis Grizzlies? Derrick Rose
69%
W tym roku grał w Clippers i w 76ers? P.J. Tucker
64%
Jest najlepszym rezerwowym sezonu 2023/24 Naz Reid
51%
Jego brat jest kontuzjowany do końca sezonu? Stephen Curry
42%
Nie znaleziono quizów pasujących do podanych kryteriów
Rozkład punktacji
Procent ludzi z każdym wynikiem
Percentyl według liczby udzielonych odpowiedzi
Twoja historia wyników
Nie rozwiązałeś tego quizu